00459nam a2200193 a 4500001001300000003000900013005001700022008004100039020001000080082001800090100000700108245001500115260004000130300000900170500003500179505001700214650002700231700000700258nice12345678IN_TiNIC20260116012548.0050524s0000 chea grp 000 0 eng  ac10000a954.0258bAUR a,  aAurangzeb. aChennai bLilly Soosai Opset c0000 a104p aincludes index and biblioraphy2 aPart 1 and 2 aMughal India-Aurangzeb1 a,